Three Actors, One Role Quiz Stats

 Plays Quiz Updated Jan 2, 2016

Score 0/25 Timer 08:00
5 Plays Today
% Correct
James Bond
98.2%
Batman
97.1%
The Joker
96.3%
Catwoman
94.9%
Superman
93.6%
Sherlock Holmes
90.6%
God
89.1%
Hannibal Lecter
83.4%
Abraham Lincoln
83.4%
Anakin Skywalker
83.1%
Jack Ryan
77.4%
Cleopatra
76%
Lois Lane
75%
% Correct
Martin Luther King Jr.
74.9%
Mystique
73.1%
M
71.2%
Elizabeth I
62.4%
Satan
61.2%
Macbeth
59.2%
Marilyn Monroe
57.5%
Daisy Buchanan
53.5%
Adolf Hitler
45.2%
Mary, Mother of Jesus
45%
Ophelia
44.5%
Miss Havisham
37.7%

You're not logged in!

Compare scores with friends on all Sporcle quizzes.
OR
Log In

Show Comments

Extras

Top Quizzes Today


Score Distribution

Your Account Isn't Verified!

In order to create a playlist on Sporcle, you need to verify the email address you used during registration. Go to your Sporcle Settings to finish the process.

Report this User

Report this user for behavior that violates our Community Guidelines.

Details: